000 00678nam a22002297a 4500
003 OSt
005 20161011192051.0
008 161004b xxu||||| |||| 00| 0 eng d
020 _a9781496347725
020 _a1496347722
040 _cDMLN
082 _aQT104 S591m 2017
100 _aShumway Cook, Anne; Woollacott, Marjorie H.
_911137
245 _aMotor Control: Translating research into clinical practice
250 _a5th ed.
260 _aPhiladelphia; Wolter Kluwer, 2017
300 _axiv,660p; col.ill: 27cm
504 _aReferences, & index included
650 _aPhysiology- motor skill
_911138
650 _aMovement disorder
_911139
942 _2z
_cO_SHELF
999 _c5304
_d5304